000
00310 a2200133 4500
001
47439
040
_c
Anchieta - Aquarius
240
1
0
_a
Caderno de leituras
_l
por
245
1
0
_a
Caderno de leituras
300
_a
121 p.
362
0
_a
2012
650
4
_a
Educação, pesquisa e tópicos relacionados
942
_c
BK
999
_c
47439
_d
47439